| 000 | 01042nam a2200301Ia 4500 | ||
|---|---|---|---|
| 001 | Z_1866 | ||
| 003 | CHAP | ||
| 008 | 220113s1998 xx 000 0 und d | ||
| 010 | _a164960 | ||
| 040 | _cCHAP | ||
| 090 | _aTesis J 1303 | ||
| 100 |
_aJuárez Zárate, Angel _962505 |
||
| 245 |
_aEfecto del nivel de energía, proteína, fuente de proteína y enzimas sobre los parámetros productivos y las características de la canal en los pollos de engorda / _cpor Angel Juárez Zárate |
||
| 260 |
_aChihuahua, Chih. : _bEl autor, _c1998 |
||
| 300 | _a75 h. | ||
| 502 | _aTesis (Doctor en Philosophia, Especialista en Nutrición animal) -- Universidad Autónoma de Chihuahua. Facultad de Filosofía | ||
| 650 |
_aAves de corral _xEngorda _98647 |
||
| 650 |
_aAves de corral _xPeso _98674 |
||
| 650 |
_aCarne de pollo en canal _919172 |
||
| 650 |
_aEnzimas _937195 |
||
| 650 |
_aProteínas en nutrición animal _992454 |
||
| 901 | _aTESIS J 1303 | ||
| 902 | _aM | ||
| 910 | _a1998 | ||
| 942 | _c2 | ||
| 942 | _c2 | ||
| 999 |
_c164960 _d164960 |
||